| 000 | 01086cam a2200301 i 4500 | ||
|---|---|---|---|
| 001 | 40184 | ||
| 003 | Mx-PuUPA | ||
| 005 | 20230607091016.0 | ||
| 008 | 140415s1984 mx gr 000 0 spa d | ||
| 040 |
_aMx-PuUPA _bspa _cMx-PuUPA _dMx-PuUPA _erda |
||
| 041 | 0 | _aspa | |
| 100 | 1 |
_aRangel Camacho, Manuel _eautor _914212 |
|
| 245 | 1 | 0 |
_aVirtudes y fama de santidad de Juan Diego siglos XVI al XX / _cManuel Rangel Camacho |
| 250 | _aPrimera edición | ||
| 264 | 1 |
_aMéxico, D. F. : _bEditorial JUS, _c1984 |
|
| 300 |
_a271 páginas : _bilustraciones ; _c21 cm |
||
| 336 |
_2rdacontent _atexto _btxt |
||
| 337 |
_2rdamedia _asin medio _bn |
||
| 338 |
_2rdacarrier _avolumen _bnc |
||
| 490 | 0 |
_aJuan Diego ; _v1 |
|
| 600 | 1 | 4 |
_aDiego, Juan _d1474-1548 _xApariciones |
| 600 | 0 | 4 |
_aNuestra Señora de Guadalupe _xHistoria _vFuentes |
| 600 | 0 | 4 |
_aMaría, Santisima Virgen Santa _xApariciones y milagros |
| 942 |
_2ddc _cLI _h232.917 _iR185 |
||
| 999 |
_c40184 _d40184 |
||